Escravos do século vinte (Registo nº 200439)

Detalhes MARC
000 -Etiqueta do registo
Valores 00483nam 22001693 4500
100 ## - Dados gerais de processamento
Dados gerais 20260206d u||y0pory50 ba
200 ## - Titulo e menção de responsabilidade
Título próprio Escravos do século vinte
Primeira menção de responsabilidade Edgard M. Berger, Oldemar Beskow
210 ## - Publicação
Local de publicação Sacavém
Nome do editor Publicadora Atlântico
Data de publicação 1982
215 ## - Descrição física 
Paginação / Volumes 151 p.
Outras indicações físicas brochado
Dimensões 21 cm
606 ## - Nome comum usado como assunto
ID Autoridade 927
Palavra de ordem Medicina
675 ## - CDU
Notação 61
Edição PT
Língua por
700 ## - Autor principal (pessoa individual)
ID Autoridade 16240
Apelido Berger
Nome Edgard M.
701 ## - Co-autor principal (pessoa individual)
ID Autoridade 16241
Apelido Beskow
Nome Oldemar
801 ## - Fonte de origem
País PT
Agência BMMN
Regras de catalogação RPC
990 ## - Elementos KOHA
Tipo de documento Livro
Exemplares
Situação do levantamento Biblioteca de origem Código de barras Cota Permissão de empréstimo Tipo de documento Forma de aquisição
  Biblioteca Municipal de Montemor-o-Novo 29606 61 BER|DEP   Livro Oferta

Powered by Koha